La reforma de la Ley Concursal analizada por especialistas

Bibliographic Details
Main Author: Martn̕ Molina, Pedro B.
Format: eBook
Language:Spanish
Published: Madrid : Dykinson, 2012
Subjects:
Online Access:http://www.vlex.com/source/6971

MARC

LEADER 00000nam a22000007a 4500
005 20130114163200.0
007 cr ||| ||||
008 130114e2012 sp |||||s|||| 00||1 spa d
020 |a 978-84-9031-002-1 
035 |a 6971 
040 |a vLex 
090 |c 3512  |d 3512 
100 1 0 |a Martn̕ Molina, Pedro B. 
245 1 3 |a La reforma de la Ley Concursal analizada por especialistas  |h [Recurso electrn̤ico] /  |c Pedro B. Martn̕ Molina 
256 |a Servicio en ln̕ea 
260 |a Madrid :  |b Dykinson,   |c 2012  
300 |a 1 Recurso electrn̤ico 
650 0 4 |a Derecho privado 
740 |a vLex Libros (Servicio en ln̕ea) 
856 |a Acceso restringido  |u http://www.vlex.com/source/6971 
942 |c BOOK 
999 0 |a Civil law